Spatio temporal urbanisation / (Record no. 1717)
[ view plain ]
| 000 -LEADER | |
|---|---|
| fixed length control field | 00813nam a2200241 a 4500 |
| 003 - CONTROL NUMBER IDENTIFIER | |
| control field | BD-DhJNU |
| 005 - DATE AND TIME OF LATEST TRANSACTION | |
| control field | 20250519082406.0 |
| 008 - FIXED-LENGTH DATA ELEMENTS--GENERAL INFORMATION | |
| fixed length control field | 900607s1990 ii ab b 001 0 eng |
| 020 ## - INTERNATIONAL STANDARD BOOK NUMBER | |
| International Standard Book Number | 8170330920 |
| 040 ## - CATALOGING SOURCE | |
| Original cataloging agency | BD-DhJNU |
| Language of cataloging | ENG |
| Transcribing agency | BD-DhJNU |
| Modifying agency | BD-DhJNU |
| 082 00 - DEWEY DECIMAL CLASSIFICATION NUMBER | |
| Classification number | 307.1 MAS |
| Edition number | 23 |
| 100 1# - MAIN ENTRY--PERSONAL NAME | |
| Personal name | Markandey, Kalpana, |
| Dates associated with a name | 1956- |
| 245 10 - TITLE STATEMENT | |
| Title | Spatio temporal urbanisation / |
| Statement of responsibility, etc. | K. Markandey |
| 250 ## - EDITION STATEMENT | |
| Edition statement | 1st ed. |
| 260 ## - PUBLICATION, DISTRIBUTION, ETC. | |
| Place of publication, distribution, etc. | Jaipur : |
| Name of publisher, distributor, etc. | Rawat Publications, |
| Date of publication, distribution, etc. | 1990. |
| 300 ## - PHYSICAL DESCRIPTION | |
| Extent | 135 p. : |
| Other physical details | ill., maps ; |
| Dimensions | 23 cm. |
| 500 ## - GENERAL NOTE | |
| General note | Study of urban settlements in Rayalaseema, Andhra Pradesh. |
| 504 ## - BIBLIOGRAPHY, ETC. NOTE | |
| Bibliography, etc. note | Includes bibliographical references (p. [126]-131) |
| 650 #0 - SUBJECT ADDED ENTRY--TOPICAL TERM | |
| Topical term or geographic name entry element | Urbanization |
| Geographic subdivision | India |
| -- | Rayalaseema. |
| 650 #0 - SUBJECT ADDED ENTRY--TOPICAL TERM | |
| Topical term or geographic name entry element | Central places |
| Geographic subdivision | India |
| -- | Rayalaseema. |
| 650 #0 - SUBJECT ADDED ENTRY--TOPICAL TERM | |
| Topical term or geographic name entry element | Rural-urban migration |
| Geographic subdivision | India |
| -- | Rayalaseema. |
| 942 ## - ADDED ENTRY ELEMENTS (KOHA) | |
| Koha item type | Books |
| Withdrawn status | Lost status | Source of classification or shelving scheme | Damaged status | Not for loan | Collection | Home library | Current library | Shelving location | Date acquired | Source of acquisition | Total checkouts | Full call number | Barcode | Date last seen | Copy number | Price effective from | Koha item type |
|---|---|---|---|---|---|---|---|---|---|---|---|---|---|---|---|---|---|
| Dewey Decimal Classification | Non-fiction | Jagannath University Central Library | Jagannath University Central Library | General stacks | 05/19/2025 | Purchased | 307.1 MAS | JNUCL17258 | 05/19/2025 | 1 | 05/19/2025 | Books |